| 000 | 00358pam a2200157a 44500 | ||
|---|---|---|---|
| 008 | 230405s1995 xxu||||| |||| 00| 0 eng d | ||
| 041 | _aENG | ||
| 100 | _aPAUL GEE | ||
| 245 | _aBOOK KEEPING AND ACCOUNTANCY | ||
| 250 | _a1995 | ||
| 260 |
_aNULL _bHIMALAYA PUBLICATION _c1995 |
||
| 300 | _a641 | ||
| 650 | _aACCOUNTANCY | ||
| 690 | _aMBA | ||
| 906 | _a546 | ||
| 999 |
_c281357 _d281357 |
||